000
00259nam a22000977a 4500
999
_c
11437
_d
11437
008
190524b ||||| |||| 00| 0 eng d
020
_a
9789380058344
100
_a
Mind Fuels
_9
7167
245
_a
Der mutzenverkaufer und die affen
260
_a
New Delhi
_b
Mind Fuels